[Event "SVK-ch Seniors-A"]
[Site "Tatranske Matliare"]
[Date "2011.05.??"]
[Round "2"]
[White "Roman, Frantisek"]
[Black "Marsina, Stefan"]
[Result "0-1"]
[WhiteElo "1786"]
[BlackElo "1990"]
[PlyCount "128"]
[EventDate "2011.05.27"]
[EventType "swiss"]
[EventRounds "9"]
[EventCountry "SVK"]
[SourceTitle "EXT 2023"]
[Source "ChessBase"]
[SourceDate "2022.10.05"]
[SourceVersion "1"]
[SourceVersionDate "2022.10.05"]
[SourceQuality "1"]

1. c4 e5 2. Nc3 Nf6 3. e4 g6 4. Nf3 Bg7 5. Be2 d6 6. d4 exd4 7. Nxd4 Nbd7 8. 0-0 0-0 9. Be3 Re8 10. f3 h6 11. b3 Nf8 12. Qd2 Kh7 13. Bd3 c6 14. Rae1 a6 15. Nde2 Be6 16. Ng3 d5 17. cxd5 cxd5 18. exd5 Nxd5 19. Nxd5 Qxd5 20. Kh1 Red8 21. Rd1 Rd7 22. Qe2 Qa5 23. Ne4 Rc8 24. Rc1 Rcc7 25. Rxc7 Rxc7 26. Rc1 Rxc1+ 27. Bxc1 Bf5 28. g4 Bd7 29. a4 Ne6 30. Be3 Bc6 31. h4 Qe5 32. Kg2 Nf4+ 33. Bxf4 Qxf4 34. Qf2 Qc1 35. Qd2 Qa1 36. h5 Bd4 37. hxg6+ fxg6 38. Nf2 Qb2 39. Qxb2 Bxb2 40. Bc4 Kg7 41. Nd3 Bc3 42. Kg3 Kf6 43. f4 b5 44. axb5 axb5 45. Bg8 Be8 46. Bd5 Ke7 47. Kf3 Kd6 48. Be4 Bf7 49. Ke3 g5 50. fxg5 hxg5 51. Nc1 Be5 52. Kd3 Bf4 53. Ne2 Bxb3 54. Nxf4 gxf4 55. g5 Ke5 56. Bc6 Bc4+ 57. Kc3 Kf5 58. Bd7+ Kxg5 59. Kd2 Kh4 60. Bc6 Kg3 61. Be4 f3 62. Bxf3 Kxf3 63. Kc3 Ke3 64. Kc2 b4 0-1

[Event "SVK-ch Seniors-A"]
[Site "Tatranske Matliare"]
[Date "2010.06.06"]
[Round "1"]
[White "Roman, Frantisek"]
[Black "Rakay, Kvetoslav"]
[Result "0-1"]
[WhiteElo "1809"]
[BlackElo "2064"]
[PlyCount "98"]
[EventDate "2010.06.06"]
[EventType "swiss"]
[EventRounds "9"]
[EventCountry "SVK"]
[SourceTitle "EXT 2023"]
[Source "ChessBase"]
[SourceDate "2022.10.05"]
[SourceVersion "1"]
[SourceVersionDate "2022.10.05"]
[SourceQuality "1"]

1. e4 c5 2. Nc3 e6 3. d4 cxd4 4. Qxd4 Nc6 5. Qe3 a6 6. Bd3 Nf6 7. f3 Qc7 8. Bd2 b5 9. a3 Bb7 10. Nge2 Ne5 11. b4 h6 12. h3 d6 13. 0-0 Be7 14. Nf4 0-0 15. g4 Nc4 16. Bxc4 Qxc4 17. Qd3 Rac8 18. Rfc1 Nd7 19. Kg2 Ne5 20. Qe3 Bg5 21. Qb6 Qc7 22. Qxc7 Rxc7 23. Nce2 Nc4 24. Rd1 e5 25. Nd5 Bxd5 26. Bxg5 hxg5 27. Rxd5 Ne3+ 28. Kf2 Nxd5 29. exd5 Rxc2 30. Ke3 Rc4 31. Rd1 f5 32. gxf5 Rxf5 33. Rd3 Rf6 34. Ng3 Rh6 35. Nf5 Rxh3 36. Nxd6 Rf4 37. Ke2 g4 38. fxg4 Rxd3 39. Kxd3 Rd4+ 40. Ke3 Rxd5 41. Ne4 Rd4 42. g5 Kh7 43. Nc5 Rh4 44. Nxa6 Rh3+ 45. Ke4 Rxa3 46. Nc5 Kg6 47. Kxe5 Ra1 48. Nd3 Rd1 49. Kd4 Kxg5 0-1

[Event "SVK-ch Seniors-A"]
[Site "Tatranske Matliare"]
[Date "2010.06.??"]
[Round "6"]
[White "Juhasz, Ladislav"]
[Black "Roman, Frantisek"]
[Result "1-0"]
[WhiteElo "1969"]
[BlackElo "1809"]
[PlyCount "32"]
[EventDate "2010.06.06"]
[EventType "swiss"]
[EventRounds "9"]
[EventCountry "SVK"]
[SourceTitle "EXT 2023"]
[Source "ChessBase"]
[SourceDate "2022.10.05"]
[SourceVersion "1"]
[SourceVersionDate "2022.10.05"]
[SourceQuality "1"]

1. e4 e5 2. Nf3 d6 3. d4 exd4 4. Nxd4 Nf6 5. Nc3 a6 6. a4 Be7 7. Bd3 Bg4 8. f3 Bh5 9. Be3 0-0 10. Qd2 Bg6 11. g4 Re8 12. Nde2 Nc6 13. Ng3 Ne5 14. Be2 h5 15. g5 Nfd7 16. h4 Rb8 1-0

[Event "SVK-ch Seniors-A"]
[Site "Tatranske Matliare"]
[Date "2010.06.??"]
[Round "9"]
[White "Roman, Frantisek"]
[Black "Zalcik, Vaclav"]
[Result "1-0"]
[WhiteElo "1809"]
[BlackElo "1729"]
[PlyCount "97"]
[EventDate "2010.06.06"]
[EventType "swiss"]
[EventRounds "9"]
[EventCountry "SVK"]
[SourceTitle "EXT 2023"]
[Source "ChessBase"]
[SourceDate "2022.10.05"]
[SourceVersion "1"]
[SourceVersionDate "2022.10.05"]
[SourceQuality "1"]

1. c4 c5 2. Nf3 Nc6 3. e3 e5 4. d3 Nf6 5. Nc3 Be7 6. Be2 0-0 7. a3 a6 8. Bd2 h6 9. Nd5 Re8 10. Nxf6+ Bxf6 11. e4 Qc7 12. Bc3 Nd4 13. 0-0 Nxf3+ 14. Bxf3 d6 15. b4 b6 16. a4 Bd7 17. b5 a5 18. Bd2 Qd8 19. Qc1 Bg5 20. Be3 f5 21. exf5 Rb8 22. Bd5+ Kh8 23. Bxg5 hxg5 24. Qd1 Qf6 25. g4 Qh6 26. Qf3 Re7 27. Kg2 Qh4 28. Qg3 Rf8 29. Qxh4+ gxh4 30. Kh3 Rf6 31. Kxh4 g6 32. fxg6 Rxg6 33. h3 Bf5 34. Be4 Bxe4 35. dxe4 Rf6 36. f3 Rf4 37. Kg3 Kg7 38. Rfe1 Re6 39. Re3 Kf6 40. Rae1 Ke7 41. h4 Ref6 42. g5 Rg6 43. Rh1 Ke6 44. Kf2 Ke7 45. Rh3 Rg8 46. Re1 Rh8 47. h5 Ke6 48. Rg1 Rff8 49. h6 1-0

[Event "SVK-ch Seniors-A"]
[Site "Tatranske Matliare"]
[Date "2009.??.??"]
[Round "9"]
[White "Roman, Frantisek"]
[Black "Zalcik, Vaclav"]
[Result "1-0"]
[WhiteElo "1827"]
[BlackElo "1760"]
[PlyCount "51"]
[EventDate "2009.05.31"]
[EventType "swiss"]
[EventRounds "9"]
[EventCountry "SVK"]
[SourceTitle "EXT 2023"]
[Source "ChessBase"]
[SourceDate "2022.10.05"]
[SourceVersion "1"]
[SourceVersionDate "2022.10.05"]
[SourceQuality "1"]

1. e4 e5 2. Nf3 Nc6 3. Nc3 Nf6 4. Bc4 Bc5 5. 0-0 d6 6. d3 h6 7. a3 Nd4 8. Nxd4 Bxd4 9. Kh1 Ng4 10. Qf3 0-0 11. h3 Qh4 12. Be3 Bxe3 13. fxe3 Nf6 14. d4 Qh5 15. Kh2 Be6 16. d5 Bg4 17. Qg3 Bd7 18. Rxf6 g5 19. Be2 g4 20. Raf1 Kg7 21. Bxg4 Bxg4 22. Qxg4+ Qxg4 23. hxg4 Rad8 24. Nb5 c5 25. dxc6 bxc6 26. Nc3 1-0